Normal view
MARC view
Entry Topical Term
001 - CONTROL NUMBER
- control field: 5976
003 - CONTROL NUMBER IDENTIFIER
- control field: HDC
005 - DATE AND TIME OF LATEST TRANSACTION
- control field: 20230624073223.0
008 - FIXED-LENGTH DATA ELEMENTS
- fixed length control field: 210121|| aca||aabn | a|a d
040 ## - CATALOGING SOURCE
- Original cataloging agency: HDC
- Transcribing agency: HDC
150 ## - HEADING--TOPICAL TERM
- Topical term or geographic name entry element: Logistics Training
670 ## - SOURCE DATA FOUND
- Source citation: Work cat.: (HDC): 2012 IEEE Symposium on Humanities, Science and Engineering Research 5975, The Importance Of Training For Halal Logistics Industry In Malaysia / by , 2012
